000 00410nam a2200157 4500
999 _c11651
_d11651
008 200724b 2004 ||||| |||| 00| 0 eng d
082 _a294.59212
_bYAJ
245 _aYajurvedabhashyam
260 _aNew Delhi
_bManav Utthan Sankalpa Sansthan
_c2004
300 _a628 p.
650 _aHindu vedas
650 _aYajurved
650 _aVedanta
700 _aSaraswati, Dayanand
_eSpeaker
942 _2ddc
_cBK